Stolice sąsiadów Polski po angielsku - Statystyki

Ogólne statystyki
  • Ten quiz został rozwiązany 95 razy
  • Średni wynik to 4 z 7
Statystyki odpowiedzi
Kraj Stolica % Poprawnych
Niemcy Berlin
99%
Białoruś Minsk
67%
Rosja Moscow
63%
Czechy Prague
60%
Ukraina Kyiv, Kiev
56%
Słowacja Bratislava
44%
Litwa Vilnius
21%
Nie znaleziono quizów pasujących do podanych kryteriów
Rozkład punktacji
Procent ludzi z każdym wynikiem
Percentyl według liczby udzielonych odpowiedzi
Twoja historia wyników
Nie rozwiązałeś tego quizu